Datum a čas kvízu
18
Celkem bodů
Celkový počet nahraných bodů na tomto kvízu bez doplňovacích otázek.
9.
Pořadí na kvízu
Konečné umístění týmu na tomto kvízu.
Zaznamenané odpovědi
| # | Otázka | Odpověď | Body | Výsledky |
|---|---|---|---|---|
| 1. | Andrej Babiš byl dle očekávání... | jeden | 1 | |
| 2. | Záchranáři v úterý ráno pomocí... | Rakousko, Grossglockner | 0 | |
| 3. | Jak se nazývá kapela, kterou p... | 4TET | 0 | |
| 4. | Která automobilka získala s je... | Mercedes | 0 | |
| 5. | Který útočník minulý týden dok... | Martin Nečas. | 0 | |
| 6. | Vítězné téma facebookového hla... | 1D 2C 3A 4B | 0 | |
| 7. | Dne 4. ledna 1997 došlo ke sňa... | Havel, Veškrnová | 0 | |
| 8. | Říká vám něco jméno herečky Šá... | Irenka (Irena) | 0 | |
| 9. | Kolik tlačítek má na své předn... | tři | 0 | |
| 10. | Ke kterému městu se v souvislo... | Vsetín | 0 |